| 000 | 00822nam a2200229 4500 | ||
|---|---|---|---|
| 005 | 20240530110550.0 | ||
| 008 | 160702s2014 ua ||||g b 00| 0 ara d | ||
| 017 |
_a2013/14425 _bمصر. دار الكتب المصرية. |
||
| 020 | _a9772329274 | ||
| 040 | _aEG-CaGPL | ||
| 082 | 0 | 4 |
_a302.23/ _bخ ا _221 |
| 100 | 0 | _aخالد عبدالحميد خربوش | |
| 245 | 1 | 2 |
_aالاعلام الامنى وحقوق الانسان بين القيم والقرار / _cخالد عبدالحميد خربوش. |
| 250 | _aط. 1. | ||
| 260 |
_aالقاهرة : _bعالم الكتب، _c2014. |
||
| 300 |
_a227 ص. ؛ _c24 سم. |
||
| 504 | _aببليوجرافية : ص. 209-225. | ||
| 650 | 0 | 4 | _aالاعلام |
| 650 | 0 | 4 | _aحقوق الانسان |
| 942 |
_2ddc _cBK |
||
| 999 |
_c62445 _d62445 |
||